00538nam a2200193 a 4500001001300000003000900013005001700022008004100039020002300080082001800103100002600121245004200147260003500189300000900224500003500233505002400268650002600292700002600318nice12345678IN_TiNIC20260116014613.0050524s2002 newa grp 000 0 eng  a817151X c25000a297.1224bNAD aNadvi, Abdullah Abbas aLearn the Language of the Holy Qur`an aNew DelhibKitab Bhavan c2002 a412p aincludes index and biblioraphy2 aBibliography- Index aQuran-Language, Style1 aNadvi, Abdullah Abbas